000 00444nam a2200121Ia 4500
008 171212s9999 xx 000 0 und d
020 _a9780833092557
100 _aPhillips, Andrea;Yuan, Kun;Tharp-Gilliam, Shannah
245 _cPhillips, Andrea;Yuan, Kun;Tharp-Gilliam, Shannah
_aEvaluation of the Regional Choice Initiative
260 _bRAND Corporation
_c2016
650 _aEducation
856 _uhttp://jstor.org/stable/10.7249/j.ctt19w72dr
999 _c352051
_d352051